000 01152nam a2200253 a 4500
001 29545
003 BD-RjUL
005 20211209051427.0
008 140403s1968 bg b 001 0 bendd
020 _c: Tk. 5.50
035 _a(BD-RjUL)29630
040 _aBD-RjUL
_cBD-RjUL
_dBD-RjUL
_bben
041 1 _aben
082 0 0 _a301
_bSAN 1968
100 1 _aসাংকৃত্যায়ন, রাহুল
_9134947
245 1 0 _aনতুন মানব সমাজ /
_cরাহুল সাংকৃত্যায়ন ; অনুবাদ, রাহুল জীবনী ও গ্রন্থপঞ্জী: শম্ভুনাথ দাস
260 _aঢাকা:
_bরীতা হালদার,
_c[১৯৬৮]
300 _a[৪], ১৩১ পৃ. ;
_c২১ সেমি.
504 _aগ্রন্থপঞ্জী সংযুক্ত
650 _aসমাজবিজ্ঞান
_9222317
650 _aSociology
_9222318
700 _aদাস, শম্ভুনাথ, অনুবাদক রাহুল জীবনী ও গ্রন্থপঞ্জীকার
_9222319
942 _2ddc
_cRAR
999 _c29545
_d29545